000 00408nam a2200157Ia 4500
008 230524s9999 xx 000 0 und d
082 _a574.191
_bJOG
100 _aNandini K.Jog
_923442
245 0 _aElectronics in Medicine and Biomedical Instrumentation
250 _a1ST
260 _aNEW DELHI
_bPHI
_c2005
300 _aXII;525
500 _aQuantity Number: 1
650 _aBiomedical
942 _cBK
999 _c35020
_d35020